[Event "Big Slow Tourney for Lazy or Busy People.  "]
[Site "SchemingMind.com"]
[Date "2019.07.20"]
[Round "-"]
[White "Chessibelle"]
[Black "Paul Clarkson"]
[Result "0-1"]
[WhiteCountry "ENG"]
[BlackCountry "CAN"]
[WhiteElo "1130"]
[WhiteRD "57"]
[BlackElo "1843"]
[BlackRD "178"]
[GameID "443732"]

1. Nf3 Nf6 2. d4 g6 3. e3 Bg7 4. Be2 O-O 5. O-O d6 6. b3 Nbd7 7. c4 c6 8. g3 e5 9. Bb2 e4 10. Ng5 h6
11. Nh3 g5 12. f3 exf3 13. Bxf3 Re8 14. Qe2 Ne4 15. Qd3 Ndf6 16. Nd2 Nxd2 17. Qxd2 Bxh3 18. Rfe1 Bf5 19. Rac1 Qd7 20. Kg2 Be4
21. Rf1 Re7 22. Kg1 Rae8 23. Qe2 Bxf3 24. Rxf3 Qh3 25. Rff1 Rxe3 26. Qf2 Re2 27. Qf3 Qxh2#
0-1

[Event "Big Slow Tourney for Lazy or Busy People.  "]
[Site "SchemingMind.com"]
[Date "2019.07.19"]
[Round "-"]
[White "Paul Clarkson"]
[Black "Helga1946"]
[Result "0-1"]
[WhiteCountry "CAN"]
[BlackCountry "GER"]
[WhiteElo "1843"]
[WhiteRD "178"]
[BlackElo "2175"]
[BlackRD "72"]
[GameID "443733"]

1. d4 d5 2. Bf4 Bf5 3. e3 e6 4. Nf3 a5 5. c4 Bxb1 6. Rxb1 Bb4+ 7. Nd2 h5 8. Be2 dxc4 9. Bxc4 g5 10. Bg3 h4
11. Be5 f6 12. Qg4 Qe7 13. Bxc7 Qxc7 14. Qxe6+ Kf8 15. Rc1 Ra6 16. Qe4 b5
0-1

[Event "Big Slow Tourney for Lazy or Busy People.  "]
[Site "SchemingMind.com"]
[Date "2019.07.24"]
[Round "-"]
[White "Paul Clarkson"]
[Black "JAHI"]
[Result "0-1"]
[WhiteCountry "CAN"]
[BlackCountry "INT"]
[WhiteElo "1841"]
[WhiteRD "124"]
[BlackElo "1891"]
[BlackRD "68"]
[GameID "443734"]

1. d4 d6 2. Bf4 c6 3. e3 c5 4. c3 a6 5. Nf3 Bg4 6. Nbd2 e6 7. Bd3 h6 8. O-O h5 9. h3 Bxf3 10. Qxf3 Nc6
11. Ne4 h4 12. Rad1 cxd4 13. exd4 d5 14. Ng5 Qd7 15. Rfe1 Be7 16. Qg4 Nf6 17. Qe2 Nh5 18. Bd2 Rc8 19. Nf3 Qc7 20. Bg5 Nf4
21. Qe3 Bxg5 22. Nxg5 Nxd3 23. Rxd3 Qe7 24. Qf4 Rh5 25. Nf3 Kd7 26. Nd2 Rg8 27. a3 Kc8 28. c4 Qd7 29. c5 g6 30. b4 g5
31. Qg4 Rh6 32. Rb1 f6 33. b5 axb5 34. Rxb5 f5 35. Qd1 Nxd4 36. Qa4 Qxb5 37. Qa8+ Kd7 38. Qxg8 Qxd3
0-1

[Event "Big Slow Tourney for Lazy or Busy People.  "]
[Site "SchemingMind.com"]
[Date "2019.07.19"]
[Round "-"]
[White "Paul Clarkson"]
[Black "Mihir Chandrashekhar"]
[Result "1-0"]
[WhiteCountry "CAN"]
[BlackCountry "IND"]
[WhiteElo "1777"]
[WhiteRD "146"]
[BlackElo "1801"]
[BlackRD "52"]
[GameID "443735"]

1. d4 Nf6 2. Bf4 d5 3. e3 Bf5 4. c4 c6 5. Nc3 e6 6. Qb3 Qb6 7. c5 Qxb3 8. axb3 Nbd7 9. Be2 Be7 10. Nf3 Nh5
11. Bc7 Rc8 12. Ba5 b6 13. Bb4 a5 14. Ba3 b5 15. b4 a4 16. O-O O-O 17. Nd2 Nhf6 18. b3 Ra8 19. bxa4 bxa4 20. Bb2 e5
21. Nxa4 exd4 22. exd4 Rfb8 23. Bc3 Ra7 24. Nb2 Rba8 25. Nd3 Ne4 26. Nxe4 dxe4 27. Nf4 g5 28. Nh5 Bg6 29. Rxa7 Rxa7 30. Ra1 Rxa1+
31. Bxa1 Bxh5 32. Bxh5 Nf6 33. Be2 Nd5 34. b5
1-0

[Event "Big Slow Tourney for Lazy or Busy People.  "]
[Site "SchemingMind.com"]
[Date "2019.07.28"]
[Round "-"]
[White "splinter"]
[Black "Timaeus"]
[Result "1-0"]
[WhiteCountry "CAN"]
[BlackCountry "JPN"]
[WhiteElo "1837"]
[WhiteRD "76"]
[BlackElo "1340"]
[BlackRD "88"]
[GameID "443874"]

1. c4 e5 2. Nc3 Bc5 3. g3 Nf6 4. Bg2 O-O 5. Nf3 Nc6 6. O-O e4 7. Ng5 Re8 8. Ngxe4 d6 9. Nxc5 dxc5 10. d3 Bd7
11. Bg5 h6 12. Bd2 b6 13. a3 Qc8 14. Rb1 Bh3 15. Bxc6 Bxf1 16. Qxf1 Nd7 17. Qh3 Ne5 18. Qxc8 Raxc8 19. Bxe8 Rxe8 20. f4 Ng4
21. h3 Ne3 22. Bxe3 Rxe3 23. Kf2 Re8 24. Nb5 a5 25. Nxc7 Re7 26. Nd5 Re6 27. f5 Rd6 28. b4 axb4 29. axb4 f6 30. bxc5 bxc5
31. Rb7 Kh7 32. Nf4
1-0

[Event "Big Slow Tourney for Lazy or Busy People.  "]
[Site "SchemingMind.com"]
[Date "2019.07.23"]
[Round "-"]
[White "bull mccabe"]
[Black "splinter"]
[Result "1-0"]
[WhiteCountry "IRL"]
[BlackCountry "CAN"]
[WhiteElo "1996"]
[WhiteRD "172"]
[BlackElo "1803"]
[BlackRD "78"]
[GameID "443875"]

1. e4 c5 2. Nc3 Nc6 3. Nf3 g6 4. d4 cxd4 5. Nxd4 Bg7 6. Be3 Nf6 7. Nxc6 bxc6 8. e5 Ng8 9. Bd4 e6 10. Ne4 Ne7
11. Nd6+ Kf8 12. Bd3 Nf5 13. Bxf5 gxf5 14. Qh5 Qe7 15. O-O-O h6 16. Nxc8 Qg5+ 17. Qxg5 hxg5 18. Bc5+ Kg8 19. Ne7+ Kh7 20. Rxd7 a6
21. Bd6 Rhe8 22. Nxc6 Kg6 23. Ne7+ Kh7 24. h4 g4 25. g3 Kh6 26. c4 a5 27. c5 a4 28. c6
1-0

[Event "Big Slow Tourney for Lazy or Busy People.  "]
[Site "SchemingMind.com"]
[Date "2019.07.26"]
[Round "-"]
[White "Uzi Mike"]
[Black "splinter"]
[Result "1-0"]
[WhiteCountry "USA"]
[BlackCountry "CAN"]
[WhiteElo "2312"]
[WhiteRD "88"]
[BlackElo "1828"]
[BlackRD "75"]
[GameID "443876"]

1. c4 c5 2. Nf3 Nf6 3. Nc3 Nc6 4. d4 cxd4 5. Nxd4 g6 6. e4 d6 7. Be2 Bg7 8. Be3 Nxd4 9. Bxd4 O-O 10. O-O b6
11. Qd3 Bb7 12. b3 h5 13. f4 Re8 14. f5 e5 15. Be3 Ng4 16. Bxg4 hxg4 17. Rad1 Bf8 18. fxg6 fxg6 19. Rf2 g3 20. hxg3 Be7
21. Bh6 Bg5 22. Bxg5 Qd7 23. Rdf1 Qg4 24. Bh6 Rad8 25. Nd5 Bxd5 26. Qxd5+ Kh7 27. Bf8 Re6 28. Qb7+ Kh8 29. Qg7#
1-0

[Event "Big Slow Tourney for Lazy or Busy People.  "]
[Site "SchemingMind.com"]
[Date "2019.07.28"]
[Round "-"]
[White "splinter"]
[Black "Olli Ylönen"]
[Result "0-1"]
[WhiteCountry "CAN"]
[BlackCountry "FIN"]
[WhiteElo "1828"]
[WhiteRD "75"]
[BlackElo "1941"]
[BlackRD "76"]
[GameID "443877"]

1. c4 e5 2. Nc3 Nf6 3. g3 d5 4. cxd5 Nxd5 5. Bg2 Nb6 6. d3 Be7 7. Nf3 Nc6 8. O-O O-O 9. a3 Be6 10. b4 a5
11. b5 Nd4 12. Nxd4 exd4 13. Nb1 Bd5 14. e3 Bxg2 15. Kxg2 dxe3 16. fxe3 Qd5+ 17. e4 Qxb5 18. Rf5 Qc6 19. Bb2 Rad8 20. Qe2 Na4
21. Rf3 Nxb2 22. Qxb2 Bf6
0-1

[Event "Big Slow Tourney for Lazy or Busy People.  "]
[Site "SchemingMind.com"]
[Date "2019.07.23"]
[Round "-"]
[White "splinter"]
[Black "Chessibelle"]
[Result "1-0"]
[WhiteCountry "CAN"]
[BlackCountry "ENG"]
[WhiteElo "1802"]
[WhiteRD "80"]
[BlackElo "1151"]
[BlackRD "56"]
[GameID "443878"]

1. c4 e6 2. Nc3 Nc6 3. g3 g6 4. Bg2 Nf6 5. d4 Be7 6. Bh6 Ng4 7. Bg7 Rg8 8. Be5 Ngxe5 9. dxe5 Nxe5 10. b3 c5
11. Nf3 b6 12. Nxe5 f6 13. Bxa8 Qc7 14. Nxd7 Bxd7 15. O-O Kf7 16. Bg2 a6 17. Qc2 b5 18. cxb5 axb5 19. Rac1 f5 20. Rfd1 b4
21. Nb1 Bf6 22. Qxc5 Qd8 23. Qa7 Re8 24. Rxd7+
1-0

[Event "Big Slow Tourney for Lazy or Busy People.  "]
[Site "SchemingMind.com"]
[Date "2019.07.23"]
[Round "-"]
[White "Helga1946"]
[Black "splinter"]
[Result "0-1"]
[WhiteCountry "GER"]
[BlackCountry "CAN"]
[WhiteElo "1916"]
[WhiteRD "56"]
[BlackElo "1837"]
[BlackRD "76"]
[GameID "443879"]

1. Nf3 d5 2. g3 Nf6 3. Bg2 Nc6 4. d4 e6 5. Bg5 Be7 6. Bxf6 Bxf6 7. c3 O-O 8. O-O b6 9. Nbd2 Bb7 10. e4 dxe4
11. Nxe4 Be7 12. Re1 f5 13. Ned2 Qd7 14. Ne5 Nxe5 15. Bxb7 Rab8 16. Rxe5 Rxb7 17. Qb3 f4 18. g4 Rf6 19. Rae1 Kh8 20. Rxe6 Rxe6
21. Qxe6 Qxe6 22. Rxe6 Bf8 23. Ne4 f3 24. Re8 Kg8 25. Ng5 c6 26. Rd8 Re7 27. Nxf3 g6 28. Ne5 Kg7 29. Nxc6 Rc7 30. d5 Be7
0-1

[Event "Big Slow Tourney for Lazy or Busy People.  "]
[Site "SchemingMind.com"]
[Date "2019.07.26"]
[Round "-"]
[White "JAHI"]
[Black "splinter"]
[Result "0-1"]
[WhiteCountry "INT"]
[BlackCountry "CAN"]
[WhiteElo "1904"]
[WhiteRD "69"]
[BlackElo "1828"]
[BlackRD "75"]
[GameID "443880"]

1. c3 Nf6 2. d3 d5 3. Bg5 e6 4. g3 Nbd7 5. Bg2 Be7 6. Bxf6 Nxf6 7. h3 O-O 8. h4 c5 9. h5 Qb6 10. b3 e5
11. h6 g6 12. Nd2 Be6 13. e3 c4 14. Qe2 cxd3 15. Qxd3 Rfd8 16. Nh3 Bf5 17. Qe2 Rac8 18. e4 dxe4 19. Nxe4 Nxe4 20. Bxe4 Bxe4
21. Qxe4 Rxc3 22. Qxe5 Bf6 23. Qe4 Qb5 24. f3 Re8 25. Nf4 Rxe4+ 26. fxe4 Re3+ 27. Kf2 Bxa1 28. Kxe3 Qc5+ 29. Ke2 Be5 30. Rf1 Bxf4
31. gxf4 Qh5+ 32. Ke3 Qh3+ 33. Rf3 Qxh6 34. Rf1 Qh3+ 35. Rf3 Qc8 36. Rf2 Qc3+ 37. Ke2 f6 38. f5 g5 39. Rf3 Qc2+ 40. Ke3 Qxa2
41. Kd4 Qa5 42. Rc3 Qxc3+ 43. Kxc3 a5 44. Kd2 g4 45. Ke3 Kf7 46. Kf4 h5 47. Kg3 b5 48. Kf4 a4 49. bxa4 bxa4 50. e5 fxe5+
51. Kxe5 g3 52. f6 g2 53. Kf5 g1=Q 54. Ke5 a3 55. Kf5 Qd4 56. Kg5 Qg4+ 57. Kh6 Qg6#
0-1

[Event "Big Slow Tourney for Lazy or Busy People.  "]
[Site "SchemingMind.com"]
[Date "2019.07.23"]
[Round "-"]
[White "Mihir Chandrashekhar"]
[Black "splinter"]
[Result "1/2-1/2"]
[WhiteCountry "IND"]
[BlackCountry "CAN"]
[WhiteElo "1997"]
[WhiteRD "54"]
[BlackElo "1812"]
[BlackRD "76"]
[GameID "443881"]

1. e4 c5 2. Nf3 d6 3. d4 cxd4 4. Nxd4 g6 5. c4 Bg7 6. Nc3 Nc6 7. Nc2 Nf6 8. Be2 O-O 9. O-O b6 10. Be3 Bb7
11. Qd2 Rc8 12. f3 Qc7 13. Rad1 Ne5 14. b3 a6 15. Na4 Ned7 16. Nb4 Nc5 17. Nxc5=
1/2-1/2

[Event "Big Slow Tourney for Lazy or Busy People.  "]
[Site "SchemingMind.com"]
[Date "2019.07.23"]
[Round "-"]
[White "Paul Clarkson"]
[Black "splinter"]
[Result "1-0"]
[WhiteCountry "CAN"]
[BlackCountry "CAN"]
[WhiteElo "1841"]
[WhiteRD "124"]
[BlackElo "1816"]
[BlackRD "76"]
[GameID "443882"]

1. d4 Nf6 2. Bf4 g6 3. Nf3 Bg7 4. e3 O-O 5. Be2 b6 6. O-O Bb7 7. h3 d6 8. c4 Nbd7 9. Nc3 c5 10. d5 a6
11. a4 Re8 12. Qd2 Qc7 13. Rfd1 Rad8 14. Bh2 h6 15. Rab1 Nf8 16. e4 N6d7 17. Re1 Nh7 18. Bd3 Ne5 19. Nxe5 dxe5 20. b4 e6
21. Qe3 exd5 22. exd5 Ba8 23. bxc5 bxc5 24. Ne4 Bf8 25. Bg3 f5 26. Qf3 fxe4 27. Qxe4 Qg7 28. Bxe5 Rxe5 29. Qxe5 Bd6 30. Qe6+ Kh8
31. Bxg6 Nf6 32. Qf5 Rg8 33. Re6 Be7 34. Rbb6 Qxg6 35. Qxg6 Rxg6 36. Rxe7 Bxd5 37. cxd5 Nxd5 38. Rxg6 Nxe7 39. Rxh6+
1-0

[Event "Big Slow Tourney for Lazy or Busy People.  "]
[Site "SchemingMind.com"]
[Date "2019.07.23"]
[Round "-"]
[White "Nouveau L"]
[Black "bull mccabe"]
[Result "1-0"]
[WhiteCountry "FRA"]
[BlackCountry "IRL"]
[WhiteElo "2071"]
[WhiteRD "86"]
[BlackElo "1972"]
[BlackRD "148"]
[GameID "443884"]

1. e4 c5 2. Nf3 Nc6 3. d4 cxd4 4. Nxd4 e5 5. Nb5 d6 6. N1c3 Nf6 7. Bg5 a6 8. Na3 b5 9. Nd5 Be7 10. Bxf6 Bxf6
11. c3 O-O 12. Nc2 Bg5 13. a4 bxa4 14. Rxa4 f5 15. h4 Bh6 16. exf5 Rb8 17. g4 Rxb2 18. Bg2 Qd7 19. O-O Nd8 20. Rc4 Rb7
21. g5 Bxg5 22. hxg5 Rxf5 23. f4 Rf7 24. Nce3 exf4 25. Rfxf4 Rb8 26. Rh4 Qe8 27. Rxh7 Bf5 28. Nxf5 Rxf5 29. g6 Rb7 30. Qg4 Qe1+
31. Kh2 Qe5+ 32. Nf4 Rf6 33. Bxb7
1-0

[Event "Big Slow Tourney for Lazy or Busy People.  "]
[Site "SchemingMind.com"]
[Date "2019.07.28"]
[Round "-"]
[White "Nouveau L"]
[Black "Timaeus"]
[Result "1-0"]
[WhiteCountry "FRA"]
[BlackCountry "JPN"]
[WhiteElo "2071"]
[WhiteRD "86"]
[BlackElo "1315"]
[BlackRD "85"]
[GameID "443885"]

1. e4 e5 2. Nf3 Bc5 3. Nxe5 d6 4. Nf3 Nf6 5. d4 Bb6 6. Bd3 O-O 7. O-O Be6 8. h3 Nbd7 9. d5 Bxd5 10. exd5 Nxd5
11. Bxh7+ Kxh7 12. Qxd5 Nc5 13. Qh5+ Kg8 14. Ng5 f6 15. Qh7#
1-0

[Event "Big Slow Tourney for Lazy or Busy People.  "]
[Site "SchemingMind.com"]
[Date "2019.07.26"]
[Round "-"]
[White "Nouveau L"]
[Black "Uzi Mike"]
[Result "0-1"]
[WhiteCountry "FRA"]
[BlackCountry "USA"]
[WhiteElo "1812"]
[WhiteRD "81"]
[BlackElo "2312"]
[BlackRD "88"]
[GameID "443886"]

1. e4 e6 2. d4 d5 3. Nd2 Nf6 4. e5 Nfd7 5. Bd3 c5 6. c3 Nc6 7. Ne2 cxd4 8. cxd4 f6 9. exf6 Nxf6 10. Nf3 Bd6
11. O-O Qc7 12. Bg5 O-O 13. Rc1 Qb6 14. Nc3 Bd7 15. a3 h6 16. Bh4 Be8
0-1

[Event "Big Slow Tourney for Lazy or Busy People.  "]
[Site "SchemingMind.com"]
[Date "2019.07.28"]
[Round "-"]
[White "Nouveau L"]
[Black "JAHI"]
[Result "0-1"]
[WhiteCountry "FRA"]
[BlackCountry "INT"]
[WhiteElo "1765"]
[WhiteRD "82"]
[BlackElo "1891"]
[BlackRD "68"]
[GameID "443888"]

1. e4 d6 2. d4 d5 3. exd5 Qxd5 4. Nf3 Bg4 5. Be2 Bxf3 6. Bxf3 Qd6 7. O-O c6 8. c4 h6 9. Nc3 h5 10. Qb3 Qc7
11. Bf4 Qc8 12. Rfe1 h4 13. Ne4 e6 14. d5 h3 15. dxe6 fxe6 16. Ng5 Be7 17. Nxe6 Rh4 18. c5 Na6 19. Ng5 Rxf4 20. Qxg8+ Rf8
21. Rxe7+ Kxe7 22. Qxg7+ Ke8 23. Bh5+ Rf7
0-1

[Event "Big Slow Tourney for Lazy or Busy People.  "]
[Site "SchemingMind.com"]
[Date "2019.07.23"]
[Round "-"]
[White "Nouveau L"]
[Black "Chessibelle"]
[Result "1-0"]
[WhiteCountry "FRA"]
[BlackCountry "ENG"]
[WhiteElo "1784"]
[WhiteRD "110"]
[BlackElo "1151"]
[BlackRD "56"]
[GameID "443889"]

1. e4 e5 2. Nf3 Nc6 3. Bb5 Nge7 4. O-O g6 5. c3 a6 6. Ba4 d6 7. d4 b5 8. Bb3 f6 9. dxe5 Nxe5 10. Nxe5 fxe5
11. Qf3 Kd7 12. Qf6 c6 13. Qxh8 Kc7 14. Qxh7 Bd7 15. Bg5 Kb7 16. f4 c5 17. Bd5+ Nxd5 18. Bxd8
1-0

[Event "Big Slow Tourney for Lazy or Busy People.  "]
[Site "SchemingMind.com"]
[Date "2019.07.23"]
[Round "-"]
[White "Helga1946"]
[Black "Nouveau L"]
[Result "1-0"]
[WhiteCountry "GER"]
[BlackCountry "FRA"]
[WhiteElo "1927"]
[WhiteRD "64"]
[BlackElo "1812"]
[BlackRD "81"]
[GameID "443890"]

1. Nf3 d5 2. d4 Nf6 3. Bg5 Ne4 4. Bf4 c5 5. c3 cxd4 6. Nxd4 f6 7. Bxb8 Rxb8 8. f3 Nc5 9. b4 Ne6 10. Qa4+ Kf7
11. Qxa7 Nxd4 12. Qxd4 e5 13. Qd2 d4 14. e3 Be6 15. a3 Qc7 16. Be2 Rc8 17. cxd4 Qc1+ 18. Bd1 exd4 19. Qxc1 Rxc1 20. Kd2 Rc7
21. exd4
1-0

[Event "Big Slow Tourney for Lazy or Busy People.  "]
[Site "SchemingMind.com"]
[Date "2019.07.23"]
[Round "-"]
[White "Mihir Chandrashekhar"]
[Black "Nouveau L"]
[Result "1-0"]
[WhiteCountry "IND"]
[BlackCountry "FRA"]
[WhiteElo "1820"]
[WhiteRD "58"]
[BlackElo "1765"]
[BlackRD "82"]
[GameID "443891"]

1. e4 c5 2. Nf3 Nc6 3. d4 cxd4 4. Nxd4 Nf6 5. Nc3 e5 6. Ndb5 d6 7. Nd5 Nxd5 8. exd5 Nb8 9. c4 Be7 10. Be2 O-O
11. O-O a6 12. Nc3 f5 13. f4 Bf6 14. Kh1 Nd7 15. Be3 exf4 16. Bxf4 Ne5 17. Qb3 Ng6 18. Rae1 Nxf4 19. Rxf4
1-0

[Event "Big Slow Tourney for Lazy or Busy People.  "]
[Site "SchemingMind.com"]
[Date "2019.07.24"]
[Round "-"]
[White "splinter"]
[Black "Nouveau L"]
[Result "0-1"]
[WhiteCountry "CAN"]
[BlackCountry "FRA"]
[WhiteElo "1803"]
[WhiteRD "78"]
[BlackElo "1937"]
[BlackRD "92"]
[GameID "443892"]

1. c4 e5 2. Nc3 Nf6 3. g3 Bb4 4. Bg2 O-O 5. e3 Bxc3 6. dxc3 e4 7. Ne2 d6 8. O-O Nc6 9. Nd4 Ne5 10. b3 Bg4
11. Qc2 c5 12. Nb5 Nf3+ 13. Bxf3 Bxf3 14. Rd1 Qd7 15. Kf1 Qh3+ 16. Ke1 Qxh2 17. Qe2 Bxe2 18. Kxe2 Ng4 19. Rf1 Rad8 20. Nxa7 Qg2
21. Bb2 d5 22. Nb5 dxc4 23. Nd4 cxd4 24. cxd4 Nxe3 25. Kxe3 c3 26. Bxc3 Qf3+ 27. Kd2 Qd3+ 28. Ke1 Qxc3+ 29. Ke2 Qf3+ 30. Kd2 Rxd4+
31. Kc2 Rc8+ 32. Kb2 Qe2+
0-1

[Event "Big Slow Tourney for Lazy or Busy People.  "]
[Site "SchemingMind.com"]
[Date "2019.07.23"]
[Round "-"]
[White "Nouveau L"]
[Black "Paul Clarkson"]
[Result "0-1"]
[WhiteCountry "FRA"]
[BlackCountry "CAN"]
[WhiteElo "1765"]
[WhiteRD "82"]
[BlackElo "1841"]
[BlackRD "124"]
[GameID "443893"]

1. e4 e6 2. d4 d5 3. Nd2 Nf6 4. e5 Nfd7 5. Bd3 c5 6. c3 Nc6 7. Ne2 cxd4 8. cxd4 f6 9. exf6 Nxf6 10. Nf3 Bd6
11. O-O Qc7 12. Bg5 O-O 13. Rc1 Bd7 14. Ng3 h6 15. Bd2 Qb6 16. Bc3 Be8 17. Re1 Bf7 18. Ne5 Rae8 19. Bb1 Bb4 20. Qd3 Rc8
0-1

[Event "Big Slow Tourney for Lazy or Busy People.  "]
[Site "SchemingMind.com"]
[Date "2019.07.26"]
[Round "-"]
[White "Uzi Mike"]
[Black "grabapawn"]
[Result "1-0"]
[WhiteCountry "USA"]
[BlackCountry "USA"]
[WhiteElo "2227"]
[WhiteRD "93"]
[BlackElo "1436"]
[BlackRD "61"]
[GameID "443902"]

1. c4 d6 2. d4 Nf6 3. Nc3 Nbd7 4. Bg5 h6 5. Bxf6 gxf6 6. e3 e5 7. Nge2 Be7 8. Ng3 Nf8 9. Bd3 Ng6 10. Qh5 c6
11. d5 cxd5 12. Bxg6 fxg6 13. Qxg6+ Kd7 14. Nxd5 Qa5+ 15. b4 Qd8 16. Nf5 Rg8 17. Qxh6 Ke6 18. Nfxe7 Rf8 19. Qh7 Rf7 20. Qf5#
1-0

[Event "Big Slow Tourney for Lazy or Busy People.  "]
[Site "SchemingMind.com"]
[Date "2019.07.28"]
[Round "-"]
[White "grabapawn"]
[Black "Olli Ylönen"]
[Result "0-1"]
[WhiteCountry "USA"]
[BlackCountry "FIN"]
[WhiteElo "1485"]
[WhiteRD "62"]
[BlackElo "1941"]
[BlackRD "76"]
[GameID "443903"]

1. d4 Nf6 2. Bf4 d5 3. e3 c5 4. c3 Nc6 5. Bd3 e6 6. Nd2 Bd6 7. Bg3 e5 8. e4 cxd4 9. cxd4 Nxd4 10. Ne2 Nxe2
11. Qxe2 d4 12. Nc4 Qe7 13. Nxd6+ Qxd6 14. O-O O-O 15. f4 exf4 16. Bxf4 Qb6 17. e5 Re8 18. Rf3 Bg4 19. Raf1 Bxf3 20. Qxf3 Nd7
21. Bg5 Nxe5 22. Qf5 Nxd3 23. Qxd3 Qxb2 24. Qc4 Qb6 25. h3 d3+ 26. Kh1 Qg6 27. Bd2 Re2 28. Qc3 Qxg2#
0-1

[Event "Big Slow Tourney for Lazy or Busy People.  "]
[Site "SchemingMind.com"]
[Date "2019.07.23"]
[Round "-"]
[White "grabapawn"]
[Black "Chessibelle"]
[Result "1-0"]
[WhiteCountry "USA"]
[BlackCountry "ENG"]
[WhiteElo "1503"]
[WhiteRD "51"]
[BlackElo "1151"]
[BlackRD "56"]
[GameID "443904"]

1. d4 d5 2. Bf4 Nc6 3. e3 f6 4. c3 e6 5. Bd3 h6 6. Qh5+ Kd7 7. Qf7+ Nce7 8. c4 a6 9. cxd5 exd5 10. Nc3 c6
11. Bf5#
1-0

[Event "Big Slow Tourney for Lazy or Busy People.  "]
[Site "SchemingMind.com"]
[Date "2019.07.23"]
[Round "-"]
[White "Helga1946"]
[Black "grabapawn"]
[Result "1-0"]
[WhiteCountry "GER"]
[BlackCountry "USA"]
[WhiteElo "2175"]
[WhiteRD "72"]
[BlackElo "1453"]
[BlackRD "54"]
[GameID "443905"]

1. Nc3 d6 2. d4 Nf6 3. e4 Nbd7 4. Bg5 h6 5. Bxf6 gxf6 6. Qh5 Rg8 7. Nf3 e5 8. Bc4 Rg7 9. Be6 Nb6 10. Bxc8 Qxc8
11. g3 Rg8 12. O-O-O a5 13. h3 Qd7 14. dxe5 Bg7 15. exd6 cxd6 16. Kb1 a4 17. Rd3 Nc4 18. Rhd1 f5 19. exf5 b5 20. Ne4 O-O-O
21. f6 Bh8 22. Nfd2 d5 23. Nxc4 bxc4 24. Rxd5 Qe6 25. Rxd8+ Rxd8 26. Qc5+
1-0

[Event "Big Slow Tourney for Lazy or Busy People.  "]
[Site "SchemingMind.com"]
[Date "2019.07.28"]
[Round "-"]
[White "JAHI"]
[Black "grabapawn"]
[Result "1-0"]
[WhiteCountry "INT"]
[BlackCountry "USA"]
[WhiteElo "1947"]
[WhiteRD "74"]
[BlackElo "1454"]
[BlackRD "63"]
[GameID "443906"]

1. c3 Nf6 2. d3 g6 3. Bg5 Bg7 4. Bxf6 Bxf6 5. g3 O-O 6. h3 d5 7. h4 e5 8. h5 Nc6 9. h6 Bf5 10. Nd2 Re8
11. Bg2 e4 12. dxe4 dxe4 13. Nh3 e3 14. Nf1 exf2+ 15. Kxf2 Ne5 16. Nf4 Ng4+ 17. Kg1 c6 18. Qxd8 Raxd8 19. Bf3 Be7 20. Kg2 Bg5
21. Bxg4 Bxg4 22. e3 c5 23. Re1 Bd7 24. e4 Bc6 25. Kf3 Bxf4 26. Kxf4 f5 27. g4 fxe4 28. Kg3 e3 29. Rh2 Rd3 30. Rhe2 Rf8
31. Nxe3 Rf3+ 32. Kh4 Kf7 33. Nc4 g5+ 34. Kxg5 Rd5+ 35. Ne5+
1-0

[Event "Big Slow Tourney for Lazy or Busy People.  "]
[Site "SchemingMind.com"]
[Date "2019.07.23"]
[Round "-"]
[White "grabapawn"]
[Black "Nouveau L"]
[Result "0-1"]
[WhiteCountry "USA"]
[BlackCountry "FRA"]
[WhiteElo "1475"]
[WhiteRD "51"]
[BlackElo "1937"]
[BlackRD "92"]
[GameID "443907"]

1. d4 Nf6 2. Bf4 d5 3. e3 c5 4. c3 Nc6 5. Bd3 Qb6 6. Na3 c4 7. Bc2 Qxb2 8. Qc1 Qxc3+ 9. Kf1 Qa5 10. Nf3 e5
11. dxe5 Bxa3 12. Qd1 Ne4 13. Bxe4 dxe4 14. Nd4 O-O 15. g4 Rd8 16. f3 Nxd4 17. exd4 Qc3 18. fxe4 Rxd4 19. Qe1 Qh3+ 20. Kg1 Bc5
21. Be3 Qxg4+ 22. Qg3 Rd1+ 23. Rxd1 Bxe3+ 24. Kg2 Qe2+
0-1

[Event "Big Slow Tourney for Lazy or Busy People.  "]
[Site "SchemingMind.com"]
[Date "2019.07.23"]
[Round "-"]
[White "Mihir Chandrashekhar"]
[Black "grabapawn"]
[Result "1-0"]
[WhiteCountry "IND"]
[BlackCountry "USA"]
[WhiteElo "1934"]
[WhiteRD "50"]
[BlackElo "1503"]
[BlackRD "51"]
[GameID "443908"]

1. e4 d6 2. d4 Nf6 3. Nc3 Nbd7 4. f4 e5 5. dxe5 dxe5 6. Nf3 Bc5 7. Bc4 Qe7 8. f5 Nf8 9. Bg5 h6 10. Nd5 Qd6
11. Nxf6+ gxf6 12. Qxd6 cxd6 13. Bxf6 Rg8 14. g3 Bd7 15. Bd5 Rb8 16. Rd1 Bc6 17. Ke2 Bb5+ 18. c4 Ba6 19. a3 b5 20. Bc6+ Nd7
21. b4 bxc4 22. bxc5 c3+ 23. Ke3 Rb3 24. Bxd7+ Kxd7 25. Rxd6+ Kc7 26. Rxa6 c2+ 27. Kd2 Rxf3 28. Kxc2 Rf2+ 29. Kc3 Rf3+ 30. Kc4 Re8
31. Rxa7+ Kb8 32. Rxf7
1-0

[Event "Big Slow Tourney for Lazy or Busy People.  "]
[Site "SchemingMind.com"]
[Date "2019.07.23"]
[Round "-"]
[White "grabapawn"]
[Black "bull mccabe"]
[Result "0-1"]
[WhiteCountry "USA"]
[BlackCountry "IRL"]
[WhiteElo "1475"]
[WhiteRD "51"]
[BlackElo "1996"]
[BlackRD "172"]
[GameID "443909"]

1. d4 d5 2. Bf4 Nf6 3. e3 c5 4. c3 Nc6 5. Bd3 Bg4 6. f3 Bh5 7. g4 Bg6 8. h4 Bxd3 9. Qxd3 e6 10. Nd2 Be7
11. Nh3 O-O 12. g5 Nh5 13. Bh2 cxd4 14. exd4 Bd6 15. f4 Qc7 16. Rf1 Rac8 17. Qf3 g6 18. Qe3 a5 19. Nf3 b5 20. Ne5 b4
21. c4 dxc4 22. O-O-O b3 23. a3 Nxe5 24. fxe5 c3 25. bxc3 Qxc3+ 26. Qxc3 Rxc3+ 27. Kb2 Rxh3 28. exd6 Rxh2+ 29. Kxb3 Rd8 30. d5 Rxd6
31. dxe6 Rxe6 32. Rd8+ Kg7 33. Rf3 Rxh4 34. Rd7 a4+ 35. Kc3 Nf4 36. Kb4 Nd3+
0-1

[Event "Big Slow Tourney for Lazy or Busy People.  "]
[Site "SchemingMind.com"]
[Date "2019.07.28"]
[Round "-"]
[White "grabapawn"]
[Black "Timaeus"]
[Result "0-1"]
[WhiteCountry "USA"]
[BlackCountry "JPN"]
[WhiteElo "1485"]
[WhiteRD "62"]
[BlackElo "1365"]
[BlackRD "91"]
[GameID "443910"]

1. d4 d5 2. Bf4 e6 3. Nf3 Bd6 4. Bg3 Bxg3 5. hxg3 Nc6 6. e3 Nf6 7. c3 O-O 8. Bd3 Bd7 9. Ng5 g6 10. Qf3 e5
11. e4 exd4 12. Nd2 Ne5 13. Qe2 Nxd3+ 14. Qxd3 Nxe4 15. Ngxe4 dxe4 16. Nxe4 Qe7 17. O-O-O Bf5 18. f3 Bxe4 19. fxe4 dxc3 20. bxc3 Rad8
21. Qe2 Rxd1+ 22. Rxd1 Rd8 23. Rxd8+ Qxd8 24. Kc2 Qe8 25. g4 a6 26. Kb3 b5 27. a3 c5 28. e5 c4+ 29. Kb2 Kg7 30. Qe4 Qe6
31. Qf4 f6 32. exf6+ Qxf6 33. Qc7+ Kh6 34. Qh2+ Kg7 35. Qg3 Qe7 36. Qf2 Qg5 37. Qd4+ Qf6 38. Qa7+ Kh6 39. Qe3+ Qg5 40. Qh3+ Kg7
41. Kc2 Qe7 42. Qf3 Qxa3 43. Qb7+ Kh6 44. Qf3 Qa2+ 45. Kd1 Qb1+ 46. Ke2 Qd3+ 47. Qxd3 cxd3+ 48. Kxd3 Kg5 49. Kd4 a5 50. Kc5 b4
51. cxb4 axb4 52. Kxb4 Kxg4
0-1